| 000 | 00652nam a2200241Ia 4500 | ||
|---|---|---|---|
| 003 | OSt | ||
| 005 | 20221005032559.0 | ||
| 006 | a|||||r|||| 00| 0 | ||
| 007 | ta | ||
| 008 | 221004b |||||||| |||| 00| 0 eng d | ||
| 024 | _a11213 | ||
| 037 | _cTextual | ||
| 040 |
_aCRL _cCRL _beng |
||
| 041 |
_2eng _aeng |
||
| 082 | _aL:573, G8 | ||
| 111 |
_aNational Nutrition Committee (Geneva) _9585323 |
||
| 245 | 0 |
_aSurvey of national nutrition policies _b report |
|
| 260 |
_aCorrigendum _bEconomic and financial _c1938 |
||
| 300 |
_a119 _ccm. |
||
| 650 | _aMEDICINE | ||
| 942 |
_hL:573, G8 _cTEXL _2cc |
||
| 999 |
_c940017 _d940017 |
||